Disassembling police culture

Gespeichert in:  
Bibliographische Detailangaben
1. VerfasserIn: Rowe, Michael 1967- (Verfasst von)
Medienart: Elektronisch Buch
Sprache:Englisch
Veröffentlicht: Abingdon, Oxon New York, NY Routledge, 2023
In:Jahr: 2023
Online-Zugang: Volltext (doi)
Volltext (lizenzpflichtig)
Verfügbarkeit prüfen: HBZ Gateway
Subito Bestelldienst: Jetzt bestellen.
Schlagwörter:
Parallele Ausgabe:Nicht-Elektronisch

MARC

LEADER 00000cam a22000002c 4500
001 1838208836
003 DE-627
005 20260116141227.0
007 cr uuu---uuuuu
008 230306s2023 xx |||||o 00| ||eng c
020 |a 9781000834710  |c electronic bk.  |9 978-1-000-83471-0 
020 |a 1000834719  |c electronic bk.  |9 1-000-83471-9 
020 |a 9781003182597  |c electronic bk.  |9 978-1-003-18259-7 
020 |a 1003182593  |c electronic bk.  |9 1-003-18259-3 
020 |a 9781000834734  |c electronic bk. : EPUB  |9 978-1-000-83473-4 
020 |a 1000834735  |c electronic bk. : EPUB  |9 1-000-83473-5 
024 7 |a 10.4324/9781003182597  |2 doi 
035 |a (DE-627)1838208836 
035 |a (DE-599)KEP089360567 
035 |a (TFG)9781003182597 
035 |a (DE-627-1)089360567 
040 |a DE-627  |b ger  |c DE-627  |e rakwb 
041 |a eng 
072 7 |a POL  |2 bisacsh 
072 7 |a SOC  |2 bisacsh 
072 7 |a JKV  |2 bicssc 
082 0 |a 363.20941  |2 23/eng/20221123 
084 |a 2,1  |2 ssgn 
084 |a MF 9500  |q SEPA  |2 rvk  |0 (DE-625)rvk/122811: 
084 |a MS 6850  |q SEPA  |2 rvk  |0 (DE-625)rvk/123769: 
100 1 |8 1\p  |a Rowe, Michael  |d 1967-  |e VerfasserIn  |0 (DE-588)1046762745  |0 (DE-627)777043297  |0 (DE-576)400113503  |4 aut 
109 |a Rowe, Michael 1967-  |a Rowe, Mike 1967- 
245 1 0 |a Disassembling police culture  |c Mike Rowe 
264 1 |a Abingdon, Oxon  |a New York, NY  |b Routledge,  |c 2023 
300 |a 1 online resource. 
336 |a Text  |b txt  |2 rdacontent 
337 |a Computermedien  |b c  |2 rdamedia 
338 |a Online-Ressource  |b cr  |2 rdacarrier 
490 0 |a Routledge frontiers of criminal justice 
650 0 |a Police  |v Case studies  |x Attitudes  |z Great Britain 
650 4 |a POLITICAL SCIENCE / Political Freedom & Security / Law Enforcement 
650 4 |a Social Science / Criminology 
776 1 |z 9781032022543 
776 1 |z 103202254X 
776 1 |z 9781032022550 
776 1 |z 1032022558 
776 0 8 |i Erscheint auch als  |n Druck-Ausgabe  |a Rowe, Michael, 1967 -   |t Disassembling police culture  |d London : Routledge, 2023  |h xiii, 161 Seiten  |w (DE-627)1819708004  |z 9781032022543  |z 9781032022550  |k Non-Electronic 
787 0 8 |i Rezensiert in  |a Salsabila, Annisa  |t [Rezension von: Rowe, Michael, 1967-, Disassembling police culture]  |d 2024  |w (DE-627)1906792461 
856 4 0 |u https://www.taylorfrancis.com/books/9781003182597  |m X:TFG  |x Verlag  |z lizenzpflichtig  |7 1 
856 |u https://doi.org/10.4324/9781003182597  |x doi  |3 Volltext 
883 |8 1\p  |a cgwrk  |d 20241001  |q DE-101  |u https://d-nb.info/provenance/plan#cgwrk 
912 |a ZDB-7-TFC 
912 |a GBV-7-TFC-MPIB 
912 |a GBV-7-TFC-LUEN 
912 |a EBS-7-TFC-FRUB  |b 2022-2025 
912 |a GBV-7-TFC-SBB 
912 |a BSZ-7-TFC-HDBSXR  |b 2026 
936 r v |a MF 9500  |b Innere Sicherheit (Polizei, Verfassungsschutz, Geheimdienst)  |k Politologie  |k Politische Systeme: einzelne Elemente  |k Politische Sachgebiete  |k Innere Sicherheit (Polizei, Verfassungsschutz, Geheimdienst)  |0 (DE-627)1271205475  |0 (DE-625)rvk/122811:  |0 (DE-576)201205475 
936 r v |a MS 6850  |b Gericht, Richter, Rechtsprechung, Polizei  |k Soziologie  |k Spezielle Soziologien  |k Rechtssoziologie  |k Gericht, Richter, Rechtsprechung, Polizei  |0 (DE-627)1271441527  |0 (DE-625)rvk/123769:  |0 (DE-576)201441527 
951 |a BO 
ELC |a 1 
ORI |a SA-MARC-krimdok_oa001.raw